000 00276nam a2200121Ia 4500
008 190216s9999||||xx |||||||||||||| ||und||
100 _aViswanand
245 0 _aHindi-Kargil Katha Anya Kavithayam
260 _bDeva Prakashan
300 _a68
650 _aHindi
942 _cBK
999 _c16310
_d16310